Painting western character studies : (Record no. 26307)

000 -LEADER
fixed length control field 01084pam a2200313 i 4500
001 - CONTROL NUMBER
control field 1744036
005 - DATE AND TIME OF LATEST TRANSACTION
control field 20170203161958.0
008 - FIXED-LENGTH DATA ELEMENTS--GENERAL INFORMATION
fixed length control field 750607s1975 nyua 001 0 eng
010 ## - LIBRARY OF CONGRESS CONTROL NUMBER
LC control number 75017889
020 ## - INTERNATIONAL STANDARD BOOK NUMBER
International Standard Book Number 0823038777 :
Terms of availability $15.95
050 00 - LIBRARY OF CONGRESS CALL NUMBER
Classification number ND1302 .D37 1975
100 1# - MAIN ENTRY--PERSONAL NAME
Personal name Dawley, Joseph.
245 10 - TITLE STATEMENT
Title Painting western character studies :
Remainder of title techniques in oil /
Statement of responsibility, etc. by Joseph Dawley ; as told to Gloria Dawley and Robert Kolbe.
260 ## - PUBLICATION, DISTRIBUTION, ETC. (IMPRINT)
Place of publication, distribution, etc. New York :
Name of publisher, distributor, etc. Watson-Guptill,
Date of publication, distribution, etc. 1975.
300 ## - PHYSICAL DESCRIPTION
Extent 160 p. :
Other physical details ill. (some col.) ;
Dimensions 29 cm.
500 ## - GENERAL NOTE
General note Includes index.
650 #0 - SUBJECT ADDED ENTRY--TOPICAL TERM
Topical term or geographic name as entry element Indians of North America
General subdivision Pictorial works.
650 #0 - SUBJECT ADDED ENTRY--TOPICAL TERM
Topical term or geographic name as entry element Cowboys in art.
650 #0 - SUBJECT ADDED ENTRY--TOPICAL TERM
Topical term or geographic name as entry element Painting
General subdivision Technique.
700 1# - ADDED ENTRY--PERSONAL NAME
Personal name Dawley, Gloria.
700 1# - ADDED ENTRY--PERSONAL NAME
Personal name Kolbe, Robert,
Dates associated with a name 1931-
942 ## - ADDED ENTRY ELEMENTS (KOHA)
Source of classification or shelving scheme
Koha item type Hard Covered Materials
Holdings
Withdrawn status Lost status Source of classification or shelving scheme Damaged status Not for loan Home library Current library Shelving location Date acquired Source of acquisition Total Checkouts Full call number Barcode Date last seen Price effective from Koha item type
          MACHAKOS UNIVERSITY LIBRARY MACHAKOS UNIVERSITY LIBRARY Technical section 03/02/2017 Donation(BFA)   ND1302 .D37 1975 34133 08/06/2018 03/02/2017 Hard Covered Materials
© Machakos University Library, Along The Highway, Machakos Wote Rd, Machakos, Kenya P.O. Box 136 - 90100 Machakos - Kenya

Tel: ( +254 ) 723 805829 OR Fax : 044-20353 OR Email: library@mksu.ac.ke